LEADER 01484nam a2200349 u 4500 001 000000092737 003 CaOOAMICUS 005 20070226124954.0 008 061123s2006 it u000 u ita u 020 $a8831530046 035 $a11108076 040 $aPUL$bita 041 1 $aita$hsyr 100 0 $aEphraem Syrus,$cs.,$d303-373.$0(OLS)http://pul/name/30 240 10$aHymni de paradiso.$litaliano.$0(OLS)http://pul/title/119667 245 10$aInni sul Paradiso /$cEfrem il Siro ; introduzione, traduzione e note di Ignazio De Francesco. 260 $aMilano :$bPaoline,$cc2006. 300 $a358 p. ;$c20 cm 490 1 $aLetture cristiane del primo millennio ;$v39 500 $aInclude indici : p.[337]-358. 504 $aBibliografia in note. 630 04$aBiblia.$pV.T.$pGenesis$xCritica e interpretazione.$0(OLS)http://pul/subject/2021 650 4$aParadiso.$0(OLS)http://pul/subject/23337 700 1 $aDe Francesco, Ignazio.$0(OLS)http://pul/name/39209 830 0$aLetture cristiane del primo millennio ;$v39.$0(OLS)http://pul/title/1545 850 $aPUL 852 $aPUL$W1$xSL Religione 3$y85$m264. 23 EFRSY 1$j116589$n $b $qDDC 21$B116589$CPULBib$Z2$F116589 $HPUL101921 $81 900 $aEfrem Siro,$cs.,$d303-373$930 941 1 $a9 996 $6020$a8831530046$9(OLS)http://pul/number/121963 996 $6245$aInni sul Paradiso$9(OLS)http://pul/title/119668 996 $6260$aMilano :$bPaoline$9(OLS)http://pul/publisher/60808 LEADER 01943namaa2200409 i 4500 001 000000178220 003 CaOOAMICUS 005 20251112145130.0 008 251112s2021 gw u000 u ger r 020 $a978-3-402-10309-8* 032 $aLibriCat 040 $aPUL$bita 100 1 $aSommer, Pia,$eautore.$0(OLS)http://pul/name/114674 245 14$aDer Heilige Geist in der Heilsgeschichte :$bzur Pneumatologie des Johannes von Ávila (gestorben 1569) /$cPia Sommer. 260 $aMünster :$bAschendorff,$c©2021. 300 $aXI, 517 pagine ;$c23 cm 336 $atesto$btxt$2rdacontent 337 $asenza mediazione$bn$2rdamedia 338 $avolume$bnc$2rdacarrier 490 1 $aBeiträge zur Geschichte der Philosophie und Theologie des Mittelalters ;$vBd. 89 500 $aContiene indici. 504 $aBibliografia : p. [441]-471. 600 04$aIohannes de Avila,$cs.,$d1500-1569.$0(OLS)http://pul/subject/13516 650 4$aPneumatologia.$0(OLS)http://pul/subject/18914 650 4$aSpiritus Sanctus.$0(OLS)http://pul/subject/903 830 0$aBeiträge zur Geschichte der Philosophie und Theologie des Mittelalters.$pTexte und Untersuchungen.$pNeue Folge ;$v89.$0(OLS)http://pul/title/35517 850 $aPUL 852 $aPUL$W1$xSL Religione 2$y84$mTheol A2 44.89$j202089$qStampati Altre Collocazioni$B207311$CPULBib$Z2$F207311 $H138195 $82 941 1 $a10 960 $aIoannes de Avila,$cs.$d1500-1569$913516 960 $aGiovanni d'Avila,$cs.,$d1500-1569$913516 960 $aJuan de Avila,$cs.,$d1500-1569$913516 960 $aSpirito Santo$9903 996 $6020$a978-3-402-10309-8*$9(OLS)http://pul/number/170673 996 $6245$aDer Heilige Geist in der Heilsgeschichte :$bzur Pneumatologie des Johannes von Ávila (gestorben 1569)$9(OLS)http://pul/title/219782 996 $6260$aMünster :$bAschendorff$9(OLS)http://pul/publisher/48290